[Event "XVIII Festival A"]
[Site "Robecchetto con Induno ITA"]
[Date "2007.12.30"]
[Round "6"]
[White "Agrifoglio, Fabio"]
[Black "Marinescu, Marian"]
[Result "0-1"]
[WhiteElo "1989"]
[BlackElo "2129"]
[PlyCount "150"]
[EventDate "2007.12.27"]

1. d4 Nf6 2. c4 g6 3. Nc3 Bg7 4. e4 d6 5. Nf3 O-O 6. Be2 e5 7. O-O Nc6 8. d5
Ne7 9. Ne1 Ne8 10. Nd3 f5 11. f3 f4 12. Bd2 g5 13. g4 c5 14. Be1 Ng6 15. a3 a5
16. Nb5 Nc7 17. Nxc7 Qxc7 18. Kg2 Bd7 19. Bf2 b5 20. cxb5 Bxb5 21. a4 Ba6 22.
Nc1 Rfb8 23. b3 Qb7 24. Ra2 Bf6 25. Bd3 Nf8 26. Qe2 Nd7 27. Rd1 Kf7 28. Bxa6
Qxa6 29. Qxa6 Rxa6 30. h4 gxh4 31. Rh1 h5 32. g5 Bxg5 33. Be1 Rg8 34. Kh3 Raa8
35. Rg2 Be7 36. Rxg8 Rxg8 37. Ne2 Rb8 38. Bxa5 Rxb3 39. Bc3 Nb8 40. Ra1 Na6 41.
Ra2 Ke8 42. Rb2 Ra3 43. a5 Nb4 44. Bxb4 cxb4 45. Kg2 Rxa5 46. Rxb4 Ra2 47. Kh3
Kf7 48. Rb8 Ra1 49. Rb2 Re1 50. Kg2 Ke8 51. Ng1 Bd8 52. Nh3 Ra1 53. Rc2 Ra7 54.
Kh2 Rg7 55. Rb2 Rg3 56. Rb3 Ba5 57. Ng1 h3 58. Nxh3 Bd2 59. Nf2 Kf7 60. Nh1 Rg6
61. Rb7+ Kf6 62. Rd7 Bb4 63. Rh7 Kg5 64. Kh3 Bc5 65. Rh8 Rg7 66. Rb8 Ra7 67.
Rg8+ Kf6 68. Rh8 Ra1 69. Kh2 Kg5 70. Rg8+ Kh4 71. Rg2 Rf1 72. Rc2 Rxf3 73. Kg2
Re3 74. Rxc5 dxc5 75. Nf2 Kg5 0-1

[Event "XVIII Festival A"]
[Site "Robecchetto con Induno ITA"]
[Date "2007.12.30"]
[Round "6"]
[White "Astengo, Marcello"]
[Black "D'Apa, Matteo"]
[Result "0-1"]
[WhiteElo "2024"]
[BlackElo "2085"]
[PlyCount "72"]
[EventDate "2007.12.27"]

1. d4 d5 2. c4 c6 3. Nc3 e6 4. e3 Nf6 5. Nf3 Be7 6. Bd3 Nbd7 7. O-O O-O 8. e4
dxe4 9. Nxe4 b6 10. Bf4 Nxe4 11. Bxe4 Bb7 12. Qa4 b5 13. Qc2 f5 14. Bd3 c5 15.
Rfe1 Bxf3 16. gxf3 cxd4 17. cxb5 Rf6 18. Rac1 Nc5 19. Bc4 Bd6 20. Qd2 Qb8 21.
Bxd6 Qxd6 22. b4 Rg6+ 23. Kh1 Rh6 24. Qxh6 gxh6 25. bxc5 Qf4 26. Bxe6+ Kf8 27.
Bd5 Rd8 28. c6 d3 29. c7 Rc8 30. Rg1 d2 31. Rc4 Qe5 32. Rg8+ Ke7 33. Rxc8 d1=Q+
34. Kg2 Qg7+ 35. Rg4 fxg4 36. Re8+ Kd6 0-1

[Event "XVIII Festival A"]
[Site "Robecchetto con Induno ITA"]
[Date "2007.12.30"]
[Round "6"]
[White "Bernasconi, Roberto"]
[Black "Virzi, Ettore"]
[Result "1-0"]
[WhiteElo "1940"]
[BlackElo "1956"]
[PlyCount "69"]
[EventDate "2007.12.27"]

1. e4 e5 2. Nf3 Nc6 3. Nc3 Nf6 4. d4 exd4 5. Nxd4 Bb4 6. Nxc6 bxc6 7. Bd3 d5 8.
exd5 cxd5 9. O-O O-O 10. Bg5 c6 11. Na4 h6 12. Bh4 Re8 13. c4 Bd6 14. Bg3 Rb8
15. Qc2 Bg4 16. Bxd6 Qxd6 17. a3 d4 18. b4 Nd7 19. c5 Qf4 20. Nb2 Re5 21. Rae1
Bf3 22. Bh7+ Kh8 23. Nd3 Qg4 24. g3 g5 25. Nxe5 Nxe5 26. Bf5 Qh5 27. Rxe5 g4
28. Bxg4 Qxg4 29. Qf5 Qxf5 30. Rxf5 Be2 31. Rxf7 Rd8 32. Rf6 d3 33. Rd6 Re8 34.
Re1 Kg7 35. Rxd3 1-0

[Event "XVIII Festival A"]
[Site "Robecchetto con Induno ITA"]
[Date "2007.12.30"]
[Round "6"]
[White "Brunetti, Alessandro"]
[Black "D'Apa, Stefano"]
[Result "1/2-1/2"]
[WhiteElo "2002"]
[BlackElo "2140"]
[PlyCount "119"]
[EventDate "2007.12.27"]

1. e4 e6 2. d4 d5 3. exd5 exd5 4. Bd3 Bd6 5. c3 Nf6 6. Ne2 O-O 7. O-O c5 8.
dxc5 Bxc5 9. Bg5 Bg4 10. Qa4 Nbd7 11. Qxg4 Nxg4 12. Bxd8 Raxd8 13. Nd2 Nde5 14.
Bf5 Nh6 15. Nb3 b6 16. Nbd4 Nc4 17. b3 Nxf5 18. Nxf5 Nd2 19. Rfd1 Ne4 20. Nfd4
a5 21. f3 Nf6 22. Kf1 Rfe8 23. Rac1 g5 24. h3 h5 25. g4 Re3 26. Rc2 Kh7 27. Kg2
Kg6 28. Rdd2 Rde8 29. Nf5 R3e5 30. Nfd4 Ng8 31. Nc6 R5e6 32. Ncd4 Rd6 33. Nf5
Rdd8 34. Ned4 Ne7 35. gxh5+ Kh7 36. Nxe7 Bxe7 37. Nc6 Rc8 38. Nxe7 Rxe7 39.
Rxd5 Rc5 40. Rxc5 bxc5 41. Kf2 Kh6 42. Rd2 Rc7 43. Rd5 c4 44. Rxa5 cxb3 45.
axb3 Rxc3 46. Rb5 Kxh5 47. Rb8 Rc2+ 48. Ke3 Kh4 49. b4 Kxh3 50. b5 Kg3 51. b6
f5 52. Rg8 Rc3+ 53. Ke2 Rc2+ 54. Kd3 Rb2 55. Rxg5+ Kf4 56. Rg6 Kxf3 57. Kd4 f4
58. Kc5 Kf2 59. Rg4 f3 60. Kc6 1/2-1/2

[Event "XVIII Festival A"]
[Site "Robecchetto con Induno ITA"]
[Date "2007.12.30"]
[Round "6"]
[White "Caloni, Ugo"]
[Black "Marinone, Lucio"]
[Result "1/2-1/2"]
[WhiteElo "2155"]
[BlackElo "2015"]
[PlyCount "33"]
[EventDate "2007.12.27"]

1. d4 Nf6 2. Bf4 g6 3. e3 Bg7 4. Be2 c5 5. c3 Qb6 6. Qc1 d5 7. h4 h5 8. Nd2
Nfd7 9. Ngf3 Nc6 10. O-O e5 11. dxe5 Ndxe5 12. Nxe5 Nxe5 13. e4 Be6 14. exd5
Bxd5 15. Bxe5 Bxe5 16. Re1 O-O-O 17. Nc4 1/2-1/2

[Event "XVIII Festival A"]
[Site "Robecchetto con Induno ITA"]
[Date "2007.12.30"]
[Round "6"]
[White "Cardani, Roberto"]
[Black "Volpe, Antonio"]
[Result "1-0"]
[WhiteElo "1923"]
[BlackElo "1687"]
[PlyCount "65"]
[EventDate "2007.12.27"]

1. e4 c6 2. d4 d5 3. Nc3 Nf6 4. e5 Nfd7 5. f4 e6 6. Nf3 Be7 7. Bd3 c5 8. Be3 c4
9. Be2 Nc6 10. O-O h6 11. a3 a6 12. Qe1 Nf8 13. b3 cxb3 14. cxb3 Ng6 15. b4 b5
16. Bd3 Nh4 17. Nxh4 Bxh4 18. g3 Be7 19. f5 Bg5 20. h4 Bxe3+ 21. Qxe3 Qb6 22.
Ne2 exf5 23. Bxf5 O-O 24. e6 f6 25. Bg6 Ne7 26. Bf7+ Kh8 27. Rxf6 Rxf7 28. Rxf7
Ra7 29. Qe5 Nf5 30. Rf8+ Kh7 31. Qxf5+ g6 32. Rf7+ Rxf7 33. Qxf7+ 1-0

[Event "XVIII Festival A"]
[Site "Robecchetto con Induno ITA"]
[Date "2007.12.30"]
[Round "6"]
[White "Cervini, Gian Piero"]
[Black "Ronconi, Fausto"]
[Result "1/2-1/2"]
[WhiteElo "1766"]
[BlackElo "1720"]
[PlyCount "58"]
[EventDate "2007.12.27"]

1. e4 e6 2. d4 d5 3. Nc3 dxe4 4. Nxe4 Nd7 5. Nf3 Ngf6 6. Nxf6+ Nxf6 7. Bd3 Be7
8. Bg5 b6 9. c3 Bb7 10. Ne5 O-O 11. Qe2 Qd5 12. f3 Qd6 13. h4 Nh5 14. Bxe7 Qxe7
15. Qf2 Nf4 16. Bc2 f6 17. Nd3 Nd5 18. O-O-O Qd6 19. Qd2 c5 20. Nf2 cxd4 21.
Qxd4 Qf4+ 22. Qxf4 Nxf4 23. Rd7 Bd5 24. Be4 Rfd8 25. Rc7 Ne2+ 26. Kc2 Ng3 27.
Bxd5 Rxd5 28. Re1 e5 29. Ne4 Nxe4 1/2-1/2

[Event "XVIII Festival A"]
[Site "Robecchetto con Induno ITA"]
[Date "2007.12.30"]
[Round "6"]
[White "Colombo, Sandro"]
[Black "Corti, Corrado"]
[Result "0-1"]
[WhiteElo "1868"]
[BlackElo "2038"]
[PlyCount "54"]
[EventDate "2007.12.27"]

1. c4 e5 2. Nc3 d6 3. Nf3 f5 4. d4 e4 5. Ng5 Be7 6. Nh3 Nf6 7. e3 c6 8. f3 O-O
9. d5 Bd7 10. fxe4 Nxe4 11. Nxe4 fxe4 12. Nf2 Rxf2 13. Kxf2 Qf8+ 14. Ke1 Qf6
15. Bd2 Na6 16. Bc3 Qh6 17. Kd2 Bg5 18. Qe2 Bh4 19. g3 Bg5 20. Bg2 cxd5 21.
cxd5 Rf8 22. h4 Bxe3+ 23. Ke1 Nc5 24. Rf1 Bf2+ 25. Kd1 Ba4+ 26. b3 Nxb3 27.
Qxf2 Rxf2 0-1

[Event "XVIII Festival A"]
[Site "Robecchetto con Induno ITA"]
[Date "2007.12.30"]
[Round "6"]
[White "Garbarini, Cristiano"]
[Black "Madaschi, Sergio"]
[Result "1-0"]
[WhiteElo "1817"]
[BlackElo "1632"]
[PlyCount "33"]
[EventDate "2007.12.27"]

1. d4 d5 2. e4 dxe4 3. Nc3 Nf6 4. f3 exf3 5. Nxf3 e6 6. Bg5 Be7 7. Bd3 Nbd7 8.
O-O O-O 9. Qe1 c5 10. Qh4 g6 11. Ne4 Nd5 12. c4 Bxg5 13. Nfxg5 N7f6 14. Nxf6+
Nxf6 15. Rxf6 h6 16. Qxh6 Re8 17. Qh7+ 1-0

[Event "XVIII Festival A"]
[Site "Robecchetto con Induno ITA"]
[Date "2007.12.30"]
[Round "6"]
[White "Griffa, Roberto"]
[Black "Cereda, Loris"]
[Result "1-0"]
[WhiteElo "2108"]
[BlackElo "2052"]
[PlyCount "55"]
[EventDate "2007.12.27"]

1. d4 d5 2. e4 dxe4 3. Nc3 Nf6 4. f3 exf3 5. Nxf3 Bg4 6. h3 Bh5 7. g4 Bg6 8.
Ne5 Nbd7 9. Qf3 c6 10. Bc4 e6 11. Nxg6 hxg6 12. g5 Nd5 13. O-O Qe7 14. Bxd5
cxd5 15. Bf4 O-O-O 16. Rae1 Qb4 17. Re3 Qxd4 18. Rd1 Qb6 19. Na4 Qb4 20. Rc3+
Nc5 21. Nxc5 Bxc5+ 22. Kg2 b6 23. a3 Qxb2 24. Qd3 Kb7 25. Bc1 Qa2 26. Rxc5 bxc5
27. Qb5+ Kc8 28. Qc6+ 1-0

[Event "XVIII Festival A"]
[Site "Robecchetto con Induno ITA"]
[Date "2007.12.30"]
[Round "6"]
[White "La Torre, Giovanni"]
[Black "Raineri, Pieroberto"]
[Result "1/2-1/2"]
[WhiteElo "2070"]
[BlackElo "1614"]
[PlyCount "80"]
[EventDate "2007.12.27"]

1. Nf3 Nf6 2. g3 g6 3. Bg2 Bg7 4. O-O O-O 5. c4 d6 6. d4 Nbd7 7. Nc3 e5 8. dxe5
dxe5 9. Qc2 c6 10. Bg5 h6 11. Bxf6 Qxf6 12. Ne4 Qe7 13. c5 f5 14. Nd6 e4 15.
Nh4 Kh7 16. f3 Bd4+ 17. Kh1 Bxc5 18. Nxc8 Raxc8 19. fxe4 f4 20. e5 Rg8 21. Rxf4
Nxe5 22. Be4 Be3 23. Raf1 Qc5 24. Qb3 Rg7 25. Rf6 Rcg8 26. Nf3 Ng4 27. Rf7 Nf2+
28. Kg2 Nxe4 29. Qxb7 Rxf7 30. Qxf7+ Rg7 31. Qe8 Qd5 32. Qe5 Qxe5 33. Nxe5 Bd4
34. Nxc6 Bxb2 35. Rb1 Bc3 36. Rb5 Rc7 37. Nd8 a5 38. Ne6 Re7 39. Rb6 Kg8 40.
Kf3 Kf7 1/2-1/2

[Event "XVIII Festival A"]
[Site "Robecchetto con Induno ITA"]
[Date "2007.12.30"]
[Round "6"]
[White "Marchesotti, Giovanni"]
[Black "Albrizio, Mauro"]
[Result "1/2-1/2"]
[WhiteElo "1668"]
[BlackElo "1692"]
[PlyCount "61"]
[EventDate "2007.12.27"]

1. c4 e6 2. g3 Nf6 3. Bg2 d5 4. cxd5 exd5 5. d4 Bd6 6. Nf3 O-O 7. O-O Re8 8.
Nc3 c6 9. Re1 Nbd7 10. Bd2 Nf8 11. Qc2 Bg4 12. h3 Bh5 13. Nh4 Bg6 14. Nxg6 Nxg6
15. e4 dxe4 16. Nxe4 Be7 17. Nxf6+ Bxf6 18. Rxe8+ Qxe8 19. Bc3 Qd7 20. Rd1 Ne7
21. Kh2 Nd5 22. Re1 Rd8 23. Qe2 g6 24. Be4 Bg7 25. Qf3 Nc7 26. Ba5 f5 27. Bd3
Kh8 28. d5 h6 29. dxc6 bxc6 30. Bxc7 Qxc7 31. b3 1/2-1/2

[Event "XVIII Festival A"]
[Site "Robecchetto con Induno ITA"]
[Date "2007.12.30"]
[Round "6"]
[White "Pepa, Syrja"]
[Black "Autino, Massimiliano"]
[Result "1-0"]
[WhiteElo "1828"]
[BlackElo "1827"]
[PlyCount "73"]
[EventDate "2007.12.27"]

1. e4 d5 2. exd5 Qxd5 3. Nc3 Qd6 4. d4 Nf6 5. Nf3 Bg4 6. Be3 c6 7. h3 Bh5 8.
Be2 e6 9. Ne5 Bxe2 10. Qxe2 Qc7 11. O-O Nbd7 12. Bf4 Bd6 13. Nxd7 Qxd7 14. Be5
Bxe5 15. dxe5 Nd5 16. Ne4 O-O 17. c4 Nf4 18. Qg4 Ng6 19. Rad1 Qc7 20. f4 Qb6+
21. Kh1 Qxb2 22. Rd2 Qb4 23. Rfd1 Qxc4 24. Rd4 Qxa2 25. h4 Kh8 26. Rd7 Qc2 27.
Nd6 Nxe5 28. fxe5 Qg6 29. Qf4 Kg8 30. Rxb7 a5 31. Ra1 Qc2 32. Rc1 Qa2 33. Rxc6
a4 34. Rcc7 a3 35. Rxf7 Qa1+ 36. Kh2 a2 37. Rxg7+ 1-0

[Event "XVIII Festival A"]
[Site "Robecchetto con Induno ITA"]
[Date "2007.12.30"]
[Round "6"]
[White "Primerano, Carlo"]
[Black "Fizzotti, Mario"]
[Result "0-1"]
[WhiteElo "1761"]
[BlackElo "1843"]
[PlyCount "148"]
[EventDate "2007.12.27"]

1. d4 Nf6 2. c4 e6 3. Nc3 Bb4 4. Qc2 O-O 5. a3 Bxc3+ 6. Qxc3 b6 7. Bg5 Bb7 8.
f3 h6 9. Bh4 d5 10. e3 Nbd7 11. cxd5 exd5 12. Bd3 Re8 13. Bf2 c5 14. Ne2 Rc8
15. O-O cxd4 16. Qxd4 Ne5 17. Rac1 Nc6 18. Qh4 Qd7 19. Rfd1 Ne5 20. Qd4 Nxd3
21. Qxd3 Qa4 22. Nd4 Ba6 23. Qb3 Qd7 24. Rc3 Rxc3 25. Qxc3 Rc8 26. Qd2 Qa4 27.
Rc1 Rxc1+ 28. Qxc1 Qc4 29. Qxc4 Bxc4 30. Bg3 Bd3 31. Be5 Nd7 32. Bd6 a6 33. Nc6
Bc4 34. Bc7 f6 35. Kf2 Kf7 36. Nd4 g6 37. b3 Bd3 38. Nc6 Bc2 39. b4 Ba4 40. Nd4
Ke7 41. f4 f5 42. Ke1 b5 43. Kd2 Nf6 44. Kd3 Ng4 45. Nf3 Kd7 46. Bb8 Bb3 47.
Kd4 Bc4 48. h3 Nf6 49. Nh4 Bf1 50. Kc5 Ke6 51. Nxg6 Bxg2 52. h4 Ng4 53. Kd4 h5
54. Ne5 Be4 55. Nc6 Nh2 56. Ne5 Ng4 57. Ba7 Bh1 58. Bc5 Be4 59. Nc6 Nh2 60. Be7
Kd7 61. Kc5 d4 62. exd4 Bxc6 63. Bg5 Bb7 64. d5 Nf1 65. Bf6 Nd2 66. d6 Nc4 67.
a4 Nxd6 68. axb5 Ne4+ 69. Kb6 axb5 70. Kxb7 Nxf6 71. Kb6 Nd5+ 72. Kxb5 Nxf4 73.
Ka6 Nd5 74. b5 Kc7 0-1

[Event "XVIII Festival A"]
[Site "Robecchetto con Induno ITA"]
[Date "2007.12.30"]
[Round "6"]
[White "Quirico, Paolo"]
[Black "Romano, Zeno"]
[Result "0-1"]
[WhiteElo "2092"]
[BlackElo "1931"]
[PlyCount "50"]
[EventDate "2007.12.27"]

1. d4 d5 2. Nf3 Nf6 3. Bf4 e6 4. e3 Be7 5. Ne5 Nbd7 6. Nd2 O-O 7. Bd3 Ne8 8. h4
f6 9. Bxh7+ Kxh7 10. Qh5+ Kg8 11. Ng6 Nd6 12. Nf3 Ne4 13. g4 Re8 14. g5 Bd6 15.
gxf6 Nexf6 16. Qh8+ Kf7 17. Ng5+ Kxg6 18. h5+ Kf5 19. Nf3 e5 20. dxe5 Bxe5 21.
Qxg7 Bxf4 22. Nd4+ Ke5 23. exf4+ Kxd4+ 24. Kf1 Qe7 25. Qg3 Qe2+ 0-1

[Event "XVIII Festival A"]
[Site "Robecchetto con Induno ITA"]
[Date "2007.12.30"]
[Round "6"]
[White "Tagliaferri, Valerio"]
[Black "Raselli, Claudio"]
[Result "1/2-1/2"]
[WhiteElo "1839"]
[BlackElo "1958"]
[PlyCount "84"]
[EventDate "2007.12.27"]

1. c4 e5 2. Nc3 d6 3. g3 f5 4. Bg2 Nf6 5. d3 Be7 6. Bg5 c6 7. e3 O-O 8. Nge2
Na6 9. a3 Nc7 10. b4 Ne6 11. Bxf6 Bxf6 12. Qd2 Bd7 13. O-O Rb8 14. d4 e4 15. f4
exf3 16. Bxf3 Ng5 17. Bg2 Qe7 18. Rfe1 Ne4 19. Nxe4 fxe4 20. Rac1 Bf5 21. Rf1
Bg5 22. Rf2 d5 23. cxd5 cxd5 24. Nf4 Bxf4 25. gxf4 Rbc8 26. Rff1 Qd7 27. Qa2
Be6 28. Qb2 Rxc1 29. Rxc1 Rc8 30. Rc2 Rxc2 31. Qxc2 Qc8 32. Qxc8+ Bxc8 33. Kf2
Kf7 34. Kg3 Ke7 35. Bh3 Bxh3 36. Kxh3 b5 37. Kg4 Kf6 38. f5 g6 39. fxg6 Kxg6
40. Kf4 Kf6 41. Kg4 Kg6 42. h3 h6 1/2-1/2

[Event "XIV Festival B"]
[Site "Montecatini Terme ITA"]
[Date "2007.12.27"]
[Round "1"]
[White "Guglielmone, Luciano"]
[Black "Perano, Simone"]
[WhiteElo "1787"]
[BlackElo "1599"]
[Result "0-1"]
[PlyCount "76"]
[EventDate "2007.12.27"]

1. e4 c5 2. Nf3 Nc6 3. d4 cxd4 4. Nxd4 Nf6 5. Nc3 e5 6. Ndb5 d6 7. Bg5 a6 8.
Na3 b5 9. Nd5 Be7 10. Nxe7 Qxe7 11. c3 O-O 12. Nc2 Qe6 13. Bd3 Bb7 14. Ne3 Ne7
15. f3 d5 16. Bxf6 Qxf6 17. exd5 Qg5 18. Kf2 Bxd5 19. Qc2 f5 20. h4 Qh5 21.
Nxd5 Nxd5 22. Qb3 Qf7 23. a4 e4 24. Be2 Kh8 25. Rhd1 Qa7+ 26. Rd4 Rad8 27. axb5
Nf6 28. b6 Qb8 29. Rxa6 e3+ 30. Kxe3 Qe5+ 31. Kd3 Rfe8 32. Qd1 Qb5+ 33. Kd2
Qxb2+ 34. Kd3 Nd5 35. Qc2 Re3+ 36. Kc4 Qxc2 37. Rd3 Qxe2 38. b7 Qxd3+ 0-1

[Event "XIV Festival B"]
[Site "Montecatini Terme ITA"]
[Date "2007.12.27"]
[Round "1"]
[White "Rossetti, Alberto"]
[Black "Diamante, Roberto"]
[WhiteElo "1560"]
[BlackElo "1745"]
[Result "1-0"]
[PlyCount "43"]
[EventDate "2007.12.27"]

1. e4 e5 2. Nf3 Nc6 3. d4 exd4 4. Nxd4 Nxd4 5. Qxd4 d6 6. Nc3 a6 7. Bf4 Be6 8.
O-O-O Ne7 9. Nd5 Nc6 10. Qe3 f6 11. Bc4 Bxd5 12. Bxd5 Qd7 13. Qb3 Rb8 14. Rhe1
g5 15. Bxc6 Qxc6 16. e5 gxf4 17. exd6+ Kd8 18. dxc7+ Kxc7 19. Qf7+ Kb6 20. Re6
Rc8 21. Rxc6+ Rxc6 22. Rd8 1-0

[Event "XIV Festival A"]
[Site "Montecatini Terme ITA"]
[Date "2007.12.27"]
[Round "1"]
[White "Davi, Alessandro"]
[Black "Ibba, Isacco"]
[Result "1-0"]
[WhiteElo "1915"]
[BlackElo "2202"]
[PlyCount "117"]
[EventDate "2007.12.27"]

1. d4 d5 2. c4 e6 3. Nc3 Nf6 4. Bg5 c6 5. e3 Bb4 6. Qc2 Nbd7 7. Nf3 Qa5 8. Bxf6
Nxf6 9. Nd2 O-O 10. Be2 Bd7 11. O-O Rac8 12. c5 Rce8 13. f4 Bc8 14. a3 Bxc3 15.
bxc3 Nd7 16. e4 f5 17. e5 b6 18. cxb6 axb6 19. c4 Bb7 20. cxd5 exd5 21. Rfc1
Rf7 22. Nc4 dxc4 23. Bxc4 Kf8 24. Bxf7 Kxf7 25. Qxf5+ Nf6 26. Qd3 Nd5 27. Qxh7
Qd2 28. Rd1 Qe3+ 29. Kh1 Re6 30. Rd3 c5 31. Rxe3 Nxe3 32. Qh5+ Kg8 33. Rg1 cxd4
34. Qe2 Rh6 35. Rd1 Nxd1 36. Qxd1 Rg6 37. Kg1 Rxg2+ 38. Kf1 Rxh2 39. Qxd4 Ba6+
40. Kg1 Rh6 41. Qd5+ Kh7 42. e6 Rg6+ 43. Kf2 Bb7 44. Qh5+ Rh6 45. Qf5+ Kh8 46.
e7 Bc6 47. Qc8+ Kh7 48. Qxc6 Rxc6 49. e8=Q Rf6 50. Kf3 Rh6 51. Ke4 Rf6 52. Ke5
Rh6 53. f5 Rf6 54. Qe6 Rh6 55. Kd6 Rh3 56. f6 Rd3+ 57. Ke7 Rxa3 58. f7 Ra7+ 59.
Qd7 1-0

[Event "XIV Festival A"]
[Site "Montecatini Terme ITA"]
[Date "2007.12.29"]
[Round "4"]
[White "Pulito, Alberto"]
[Black "Codenotti, Marco"]
[Result "1/2-1/2"]
[WhiteElo "2285"]
[BlackElo "2002"]
[PlyCount "137"]
[EventDate "2007.12.27"]

1. e4 c5 2. c3 d6 3. d4 Nf6 4. Bd3 e5 5. Nf3 Nc6 6. O-O Be7 7. h3 O-O 8. d5 Nb8
9. c4 Nbd7 10. Nc3 Ne8 11. Ne2 Rb8 12. Nh2 a6 13. a4 b6 14. Ng4 Ndf6 15. Ne3
Nc7 16. f4 exf4 17. Nxf4 Nd7 18. Nf5 Ne5 19. Qe2 Re8 20. Bb1 b5 21. axb5 axb5
22. Ra3 Bxf5 23. exf5 Nxc4 24. Rg3 Bh4 25. Qg4 Bxg3 26. Qxg3 Kh8 27. b3 Nb6 28.
Nh5 Rg8 29. f6 gxf6 30. Qd3 Rg6 31. Rxf6 Ncxd5 32. Rxf7 Qe8 33. Bb2+ Kg8 34.
Rf5 Qe3+ 35. Qxe3 Nxe3 36. Nf6+ Kf7 37. Rf2 Rxg2+ 38. Rxg2 Nxg2 39. Kxg2 Nc4
40. bxc4 bxc4 41. Bc3 Rxb1 42. Ne4 Rd1 43. Kf2 d5 44. Nxc5 d4 45. Ke2 Rh1 46.
Bxd4 Rxh3 47. Ne4 Rd3 48. Bf2 h5 49. Nd2 Rc3 50. Ne4 Rc2+ 51. Ke3 Ke6 52. Be1
Kf5 53. Kf3 Rc1 54. Bd2 Rf1+ 55. Ke2 Rg1 56. Nd6+ Kg4 57. Kf2 Rh1 58. Kg2 Ra1
59. Nxc4 Ra2 60. Ne3+ Kf4 61. Nf1+ Ke4 62. Kh3 Kf3 63. Nh2+ Kf2 64. Bf4 Ra3+
65. Kh4 Ra4 66. Kg5 Kg2 67. Bb8 h4 68. Ng4 h3 69. Bc7 1/2-1/2

[Event "XXXVI Corsicoscacchi C"]
[Site "Corsico ITA"]
[Date "2007.04.29"]
[Round "2"]
[White "Gasco, Damiano"]
[Black "Leopardi, Stefano"]
[Result "1/2-1/2"]
[WhiteElo "1509"]
[BlackElo "1436"]
[PlyCount "118"]
[EventDate "2007.04.28"]

1. e4 c5 2. Nc3 Nc6 3. g3 g6 4. Bg2 Bg7 5. d3 Nf6 6. Be3 d6 7. Qd2 O-O 8. Bh6
Nd4 9. Nf3 Nxf3+ 10. Bxf3 Bg4 11. Bxg4 Nxg4 12. Bxg7 Kxg7 13. Qg5 Nf6 14. h4 h6
15. Qf4 h5 16. f3 Qd7 17. O-O-O Qe6 18. Rdg1 Rh8 19. Qg5 Nh7 20. Qf4 Nf6 21.
Rh2 a6 22. Re2 Qd7 23. e5 dxe5 24. Qxe5 Qd4 25. Rge1 e6 26. Qc7 Nd5 27. Nxd5
Qxd5 28. Rxe6 Qxf3 29. Re7 Rab8 30. Qe5+ Kh7 31. Qxc5 Qxg3 32. Rxf7+ Kh6 33.
Qe3+ Qxe3+ 34. Rxe3 Rhf8 35. Ree7 Rxf7 36. Rxf7 b5 37. b4 Rb6 38. Rf4 g5 39.
hxg5+ Kxg5 40. Re4 h4 41. a3 h3 42. Kd2 h2 43. Re1 Rh6 44. Rh1 Kg4 45. c4 Kg3
46. Ke3 Kg2 47. Rxh2+ Rxh2 48. c5 Rh3+ 49. Ke4 Kf2 50. d4 Rh4+ 51. Ke5 Rh5+ 52.
Kd6 Rh6+ 53. Ke5 Rh5+ 54. Kd6 Rh6+ 55. Kd5 Rh5+ 56. Kc6 Ke3 57. Kb7 Kxd4 58.
Kxa6 Rxc5 59. bxc5 Kxc5 1/2-1/2

[Event "XXXVI Corsicoscacchi C"]
[Site "Corsico ITA"]
[Date "2007.04.29"]
[Round "3"]
[White "Calandriello, Michele"]
[Black "Reale, Simone"]
[Result "0-1"]
[WhiteElo "1416"]
[BlackElo "1443"]
[PlyCount "90"]
[EventDate "2007.04.28"]

1. d4 Nf6 2. c4 g6 3. Nf3 Bg7 4. Nc3 d5 5. e3 O-O 6. Be2 Nc6 7. O-O Bf5 8. Ne5
e6 9. a3 Nd7 10. f4 Nf6 11. b4 Ne4 12. Nxe4 Bxe4 13. b5 Ne7 14. c5 f6 15. Ng4
Nf5 16. Bd3 h5 17. Nf2 Bxd3 18. Nxd3 Kf7 19. a4 Rh8 20. Re1 Rh7 21. Bd2 h4 22.
Qf3 Qh8 23. Nf2 Rg8 24. Bc3 Bh6 25. a5 g5 26. Kf1 gxf4 27. exf4 Rhg7 28. Ke2
Rxg2 29. Rh1 h3 30. b6 axb6 31. axb6 cxb6 32. cxb6 R8g4 33. Qxh3 Qb8 34. Bd2
Nxd4+ 35. Kd3 Rg7 36. Be3 Nf5 37. Qh5+ R7g6 38. Rac1 Nxe3 39. Rc7+ Kg8 40. Kxe3
Qa8 41. Rcc1 Kh7 42. Rc7+ Rg7 43. Rxg7+ Kxg7 44. Nd3 Qa4 45. Qh3 Qe4# 0-1

[Event "XXXVI Corsicoscacchi C"]
[Site "Corsico ITA"]
[Date "2007.04.30"]
[Round "4"]
[White "Reale, Simone"]
[Black "Weiss, Nicolo'"]
[Result "1/2-1/2"]
[WhiteElo "1443"]
[BlackElo "1449"]
[PlyCount "140"]
[EventDate "2007.04.28"]

1. d4 d5 2. c4 c6 3. Nc3 Nf6 4. Bf4 dxc4 5. e4 b5 6. Nf3 a6 7. a4 Bb7 8. Be2 e6
9. O-O Be7 10. Ne5 Nbd7 11. Bf3 Nxe5 12. Bxe5 O-O 13. Qd2 h6 14. Rfd1 Nh7 15.
Bh5 Bg5 16. f4 Bf6 17. Qf2 Bxe5 18. dxe5 Qe7 19. Rd6 Rfd8 20. Rad1 Nf8 21. Qd4
Rxd6 22. exd6 Qd7 23. e5 Bc8 24. Bf3 Qa7 25. Bxc6 Qxd4+ 26. Rxd4 Ra7 27. axb5
axb5 28. Bxb5 Nd7 29. Rxc4 Ba6 30. Bxa6 Rxa6 31. Rc8+ Kh7 32. Rd8 Ra7 33. b4
Kg6 34. Kf2 Kf5 35. Kf3 f6 36. Nb5 Rb7 37. Nd4+ Kg6 38. Ke4 fxe5 39. fxe5 Kf7
40. b5 Nc5+ 41. Kf4 Nd7 42. Nc6 g6 43. Na5 Ra7 44. Nc6 Rb7 45. Nd4 g5+ 46. Ke4
Nc5+ 47. Ke3 Nd7 48. Rc8 Nxe5 49. Rc7+ Rxc7 50. dxc7 Nc4+ 51. Ke4 Nb6 52. Ke5
Ke7 53. Nxe6 Kd7 54. Kf6 g4 55. Kf5 h5 56. Ng7 Kxc7 57. Nxh5 Nd5 58. Kxg4 Nc3
59. Kf5 Nxb5 60. g4 Kd7 61. h4 Ke7 62. g5 Kf7 63. Nf6 Kg7 64. h5 Nd6+ 65. Ke5
Nf7+ 66. Kf5 Nd6+ 67. Ke6 Nf7 68. h6+ Nxh6 69. Ne4 Nf7 70. Kf5 Nxg5 1/2-1/2

[Event "XXXVI Corsicoscacchi C"]
[Site "Corsico ITA"]
[Date "2007.05.01"]
[Round "5"]
[White "Madaschi, Sergio"]
[Black "Reale, Simone"]
[Result "0-1"]
[WhiteElo "1511"]
[BlackElo "1443"]
[PlyCount "106"]
[EventDate "2007.04.28"]

1. e4 c5 2. Nc3 d6 3. g3 Nc6 4. Bg2 g6 5. d3 Bg7 6. Nge2 Bd7 7. O-O Nf6 8. Bd2
O-O 9. Qc1 Re8 10. f4 a6 11. f5 e6 12. fxg6 fxg6 13. Bf4 e5 14. Bg5 Rf8 15. Qd2
Rf7 16. Rf2 Qe7 17. Nd5 Qf8 18. Raf1 Be6 19. Nc7 Rxc7 20. Bxf6 Bxf6 21. Rxf6
Qe7 22. Nc3 Kg7 23. h3 Qxf6 24. Rxf6 Kxf6 25. a3 Kg7 26. g4 Nd4 27. Nd1 Rf8 28.
c3 Nf3+ 29. Bxf3 Rxf3 30. Kg2 Rcf7 31. Ne3 R7f4 32. Qe2 h5 33. Qxf3 Rxf3 34.
Kxf3 Kf6 35. Kg3 hxg4 36. Nxg4+ Bxg4 37. Kxg4 b6 38. a4 b5 39. axb5 axb5 40. h4
c4 41. dxc4 bxc4 42. Kf3 g5 43. h5 Kg7 44. Kg4 Kh6 45. Kf5 Kxh5 46. Ke6 g4 47.
Kxd6 g3 48. Kxe5 g2 49. Kd6 g1=Q 50. e5 Qd1+ 51. Ke7 Kg6 52. e6 Qe1 53. Kd7 Kf6
0-1

[Event "XXXVI Corsicoscacchi C"]
[Site "Corsico ITA"]
[Date "2007.05.01"]
[Round "6"]
[White "Reale, Simone"]
[Black "Berra, Matteo"]
[Result "1/2-1/2"]
[WhiteElo "1443"]
[BlackElo "1461"]
[PlyCount "65"]
[EventDate "2007.04.28"]

1. d4 d5 2. c4 c6 3. Nc3 Nf6 4. Bf4 Bf5 5. e3 e6 6. Bd3 Bxd3 7. Qxd3 dxc4 8.
Qxc4 Nbd7 9. Nf3 Nb6 10. Qd3 Nbd5 11. Nxd5 Nxd5 12. Bg3 Qa5+ 13. Nd2 Nb4 14.
Qb3 Qb5 15. Nc4 Qd5 16. O-O Be7 17. a3 b5 18. Nd2 Qxb3 19. Nxb3 Nd5 20. Rac1
Kd7 21. Rc2 Rhc8 22. Rfc1 a5 23. e4 Nb6 24. Nd2 h5 25. Kf1 Bd6 26. f4 Ra7 27.
Ke2 Rac7 28. e5 Be7 29. Ne4 Nc4 30. Nd2 Nb6 31. Ne4 Nc4 32. Nd2 Nb6 33. Ne4
1/2-1/2

[Event "Torneo Citta' di Milano B"]
[Site "Milano ITA"]
[Date "2007.05.18"]
[Round "1"]
[White "Reale, Simone"]
[Black "Giudici, Giuseppe"]
[Result "1-0"]
[WhiteElo "1443"]
[BlackElo "1398"]
[PlyCount "46"]
[EventDate "2007.05.18"]

1. d4 d5 2. c4 e6 3. Nc3 Nf6 4. Bg5 Be7 5. e3 h6 6. Bf4 Nc6 7. Nf3 Bb4 8. Qc2
Ne4 9. Bd3 Nxc3 10. bxc3 g5 11. Bxc7 Qxc7 12. cxb4 Nxb4 13. Qa4+ Nc6 14. O-O
Bd7 15. Qa3 Na5 16. cxd5 exd5 17. Ne5 Nc4 18. Bxc4 dxc4 19. f4 Bb5 20. fxg5 Rg8
21. g6 Rg7 22. Rxf7 O-O-O 23. Rxc7+ Rxc7 1-0